000 00970nmm a2200313 a 4500
001 ocm0001061994
003 TR-IsHL
005 20201028155012.0
008 150709s2014 tu tur
007 cr cn
020 _a9789944330169
035 _a1061994
_b(N$T)
050 0 4 _aBP189.7.B4
_bS65 2014
090 0 4 _aBP189.7.B4
_bS65 2014
100 1 _aSolgun, Cafer
245 1 0 _aAlevi sorunu: nereden nereye
_h[electronic resource] /
_cCafer Solgun
260 _aİstanbul :
_bTotem Yayıncılık,
_c2014
300 _a265 p.
650 4 _aFelsefe, Psikoloji ve Din
650 4 _aPhilosophy, Psychology and Religion
650 0 _aBektaşhi
650 0 _aShiites
650 0 _aIslam and state
_x Turkey
650 0 _aBektaşi
650 0 _aŞiiler
650 0 _aİslam ve devlet
_x Türkiye
650 7 _aRELIGION / Islam / Sufi
_2bisacsh
856 4 0 _uhttp://search.ebscohost.com/login.aspx?direct=true&scope=site&db=e011xww&AN=1061994
999 _c12862
_d12862